Catálogo
 En Linea

Discursos pronunciados por su excelencia el generalísimo Doctor Rafael Leonidas Trujillo Molina, Presidente de la República Dominicana, y su excelencia el Doctor Stenio Vincent, Presidente de la República de Haití. (Registro nro. 30028)

Detalles MARC
000 -CABECERA
campo de control de longitud fija 00695nam a2200157 a 4500
001 - NÚMERO DE CONTROL
campo de control 000030536
005 - FECHA Y HORA DE LA ÚLTIMA TRANSACCIÓN
campo de control 20200930062351.0
008 - DATOS DE LONGITUD FIJA--INFORMACIÓN GENERAL
campo de control de longitud fija 110523s1936 dr c 000 | spa d
040 ## - FUENTE DE LA CATALOGACIÓN
Centro catalogador/agencia de origen DO-SdBNP
Lengua de catalogación spa
Centro/agencia transcriptor BNPHU
082 ## - NÚMERO DE LA CLASIFICACIÓN DECIMAL DEWEY
Número de clasificación xxx
Número de documento/Ítem R426d
049 ## - FONDOS LOCALES (OCLC)
Fondos de biblioteca BNPD
110 1# - ENTRADA PRINCIPAL--NOMBRE DE ENTIDAD CORPORATIVA
Nombre de entidad corporativa o nombre de jurisdicción como elemento de entrada República Dominicana.
Unidad subordinada Presidente (1930-1938 : Trujillo Molina)
9 (RLIN) 57161
245 10 - MENCIÓN DE TÍTULO
Título Discursos pronunciados por su excelencia el generalísimo Doctor Rafael Leonidas Trujillo Molina, Presidente de la República Dominicana, y su excelencia el Doctor Stenio Vincent, Presidente de la República de Haití.
260 ## - PUBLICACIÓN, DISTRIBUCIÓN, ETC.
Lugar de publicación, distribución, etc. Ciudad Trujillo, República Dominicana :
Nombre del editor, distribuidor, etc. Editorial La Nación,
Fecha de publicación, distribución, etc. 1936.
300 ## - DESCRIPCIÓN FÍSICA
Extensión 18 p. :
Otras características físicas retr. ;
Dimensiones 19 cm.
Existencias
Estado de retiro Estado de pérdida Restricciones de uso No para préstamo Código de colección Localización permanente Ubicación/localización actual Ubicación en estantería Fecha de adquisición Número de inventario Total de préstamos Signatura topográfica completa Código de barras Fecha visto por última vez Precio válido a partir de Tipo de ítem Koha Nota pública
      Excluido de préstamo Raros y valiosos Patrimonio Dominicano Patrimonio Dominicano En catalogación 23.05.2011 LF1   xxx R426d 30536-10 25.06.2020 25.06.2020 No se presta Perteneció a la biblioteca personal de Carlos Larrazábal Blanco.

Con tecnología Koha